The concept of pranava in indian philosophy / (Record no. 155916)

MARC details
000 -LEADER
fixed length control field 00599nam a22001937a 4500
005 - DATE AND TIME OF LATEST TRANSACTION
control field 20180814161205.0
010 ## - LCCN (DPL NO)
LC control number ENG-123730
020 ## - INTERNATIONAL STANDARD BOOK NUMBER
International Standard Book Number 9788174792105
Terms of availability 650.00
035 ## - SYSTEM CONTROL NUMBER
System control number EN-107262
037 ## - SOURCE OF ACQUISITION
Source of stock number/acquisition DBAD/PUB
082 00 - DEWEY DECIMAL CLASSIFICATION NUMBER
Classification number 230.22
100 ## - MAIN ENTRY--PERSONAL NAME
Personal name Rekha, G.S.
245 10 - TITLE STATEMENT
Title The concept of pranava in indian philosophy /
Statement of responsibility, etc by G.S. Rekha
260 ## - PUBLICATION, DISTRIBUTION, ETC. (IMPRINT)
Place of publication, distribution, etc New Delhi
Name of publisher, distributor, etc Kaveri Books
Date of publication, distribution, etc 2018
270 ## - ADDRESS
Address 4832/24, Ansari Road, Daryaganj
City New Delhi
Postal code 110002
300 ## - PHYSICAL DESCRIPTION
Extent xi,164p.
Dimensions 21cm.(Hb)
500 ## - GENERAL NOTE
General note It include appendix, bibliography and index
942 ## - ADDED ENTRY ELEMENTS (KOHA)
Source of classification or shelving scheme Dewey Decimal Classification
Item type English Books
Classification part 230.22
Call number suffix REK
Holdings
Withdrawn status Lost status Not for loan Collection code Home library Current library Date acquired Source of acquisition Cost, normal purchase price Full call number Barcode Copy number Cost, replacement price Koha item type
    Not For Loan Non-fiction D.B.Act.Division Bawana 14/08/2018 DBAD/PUB 650.00 230.22 REK EN-107262 1 650.00 English Books

© Delhi Public Library
Hit Counter
free hit counter